Statistics for World Leaders Who Have Visited Ukraine During the 2022-23 Russian War

Click here to take the quiz!

General Stats

  • This quiz has been taken 109 times
  • The average score is 36 of 45

Answer Stats

leadervisit datecountry% Correct
Joe Biden20 Feb 2023United States
99%
Boris Johnson9 Apr 2022United Kingdom
98%
Olaf Scholz16 June 2022Germany
96%
Mario Draghi16 June 2022Italy
96%
Mateusz Morawiecki15 Mar 2022Poland
96%
Pedro Sánchez21 Apr 2022Spain
96%
Fumio Kishida21 Mar 2023Japan
95%
Sanna Marin26 May 2022Finland
94%
Emmanuel Macron16 June 2022France
94%
Justin Trudeau8 May 2022Canada
93%
Mark Rutte11 July 2022Netherlands
93%
Magdalena Andersson4 July 2022Sweden
93%
Recep Tayyip Erdoğan18 Aug 2022Turkey
93%
Jonas Gahr Støre1 July 2022Norway
92%
António Costa21 May 2022Portugal
92%
Mette Frederiksen21 Apr 2022Denmark
91%
Katerina Sakellaropoulou3 Nov 2022Greece
91%
Nicolae Ciucă26 Apr 2022Romania
91%
Andrej Plenković8 May 2022Croatia
89%
Janez Janša15 Mar 2022Slovenia
89%
Alexander De Croo26 Nov 2022Belgium
88%
Kiril Petkov28 Apr 2022Bulgaria
88%
Eduard Heger8 Apr 2022Slovakia
87%
Karl Nehammer9 Apr 2022Austria
86%
Petr Fiala15 Mar 2022Czechia
86%
Alar Karis13 Apr 2022Estonia
86%
Egils Levits13 Apr 2022Latvia
85%
Xavier Bettel21 June 2022Luxembourg
85%
Edi Rama15 June 2022Albania
84%
Katrín Jakobsdóttir14 Mar 2023Iceland
84%
Gitanas Nausėda13 Apr 2022Lithuania
84%
Maia Sandu27 June 2022Moldova
82%
Anthony Albanese3 July 2022Australia
81%
Katalin Novak26 Nov 2022Hungary
81%
Ignazio Cassis20 Oct 2022Switzerland
80%
Micheál Martin6 July 2022Ireland
78%
Dritan Abazović15 June 2022Montenegro
75%
Cyril Ramaphosa16 Jun 2023South Africa
73%
Mostafa Madbouly16 Jun 2023Egypt
69%
Joko Widodo29 June 2022Indonesia
65%
Macky Sall16 Jun 2023Senegal
35%
Alejandro Giammattei25 July 2022Guatemala
34%
Umaro Sissoco Embaló26 Oct 2022Guinea-Bissau
19%
Hakainde Hichilema16 Jun 2023Zambia
19%
Azali Assoumani16 Jun 2023Comoros
18%

Score Distribution

Percentile by Number Answered

Percent of People with Each Score

Your Score History

You have not taken this quiz